Welcome to CU Library Online Public Access Catalogue (OPAC)

Environmental Liabilities (Record no. 206)

MARC details
000 -LEADER
fixed length control field 00431nam a22001577a 4500
005 - DATE AND TIME OF LATEST TRANSACTION
control field 20241025160446.0
008 - FIXED-LENGTH DATA ELEMENTS--GENERAL INFORMATION
fixed length control field 241025b |||||||| |||| 00| 0 eng d
020 ## - INTERNATIONAL STANDARD BOOK NUMBER
International Standard Book Number 9780721916408
050 ## - LIBRARY OF CONGRESS CALL NUMBER
Classification number KD1989
100 ## - MAIN ENTRY--PERSONAL NAME
Personal name Jones, Brain & Parpworth
Dates associated with a name 2004
245 ## - TITLE STATEMENT
Title Environmental Liabilities
260 ## - PUBLICATION, DISTRIBUTION, ETC.
Place of publication, distribution, etc. Crayford
Name of publisher, distributor, etc. Shaw & Sons
Date of publication, distribution, etc. 2004
300 ## - PHYSICAL DESCRIPTION
Extent xlviii, 664 pages/
Other physical details Index
Dimensions 23.5 cm
650 ## - SUBJECT ADDED ENTRY--TOPICAL TERM
Source of heading or term Environmental Law
942 ## - ADDED ENTRY ELEMENTS (KOHA)
Source of classification or shelving scheme Library of Congress Classification
Koha item type Books
Suppress in OPAC No
999 ## -
-- 206
-- 206
Holdings
Withdrawn status Lost status Source of classification or shelving scheme Damaged status Not for loan Home library Current library Shelving location Date acquired Total checkouts Full call number Barcode Date last seen Price effective from Koha item type Collection Copy number
    Library of Congress Classification     Law Library (Kumasi) Law Library (Kumasi) General stacks 02/04/2025   KD 1989 JON llk00000052 02/04/2025 02/04/2025 Books Non-fiction 2
    Library of Congress Classification     Law Library Annex (Miotso) Law Library Annex (Miotso) General stacks 10/25/2024   KD1989 JON LLM00000126 10/25/2024 10/25/2024 Books    
© 2023-2024 Copyright: Central University Libraries. All Rights Reserved | Created by: Mahone Tech Office